Online
Catalog

Enriquillo ¿símbolo de la resistencia taína? / (Record no. 52209)

MARC details
000 -CABECERA
campo de control de longitud fija 01994nam a2200373 i 4500
003 - IDENTIFICADOR DEL NÚMERO DE CONTROL
campo de control DO-SdBNP
005 - FECHA Y HORA DE LA ÚLTIMA TRANSACCIÓN
campo de control 20250321073607.0
007 - CAMPO FIJO DE DESCRIPCIÓN FÍSICA--INFORMACIÓN GENERAL
campo de control de longitud fija ta
008 - DATOS DE LONGITUD FIJA--INFORMACIÓN GENERAL
campo de control de longitud fija 220721b2022 dr a|||| |||| 00| 0 spa d
020 ## - NÚMERO INTERNACIONAL ESTÁNDAR DEL LIBRO
Número Internacional Estándar del Libro 9789945868388
040 ## - FUENTE DE LA CATALOGACIÓN
Centro catalogador/agencia de origen DO-SdBNP
Lengua de catalogación spa
Centro/agencia transcriptor BNPHU
Normas de descripción rda
082 #4 - NÚMERO DE LA CLASIFICACIÓN DECIMAL DEWEY
Número de clasificación 972.9302
Número de documento/Ítem E59s
Número de edición 22
245 00 - MENCIÓN DE TÍTULO
Título Enriquillo ¿símbolo de la resistencia taína? /
Mención de responsabilidad, etc. Manuel García Arévalo, Juan Daniel Balcácer, Lidia Martínez Almánzar, José G. Guerrero ; presentación, Rafael Peralta Romero ; introducción, Denis Mota Álvarez
264 ## - PRODUCCIÓN, PUBLICACIÓN, DISTRIBUCIÓN, FABRICACIÓN Y COPYRIGHT
Producción, publicación, distribución, fabricación y copyright Santo Domingo :
Nombre del de productor, editor, distribuidor, fabricante Fundación García Arévalo,
Fecha de producción, publicación, distribución, fabricación o copyright 2022.
300 ## - DESCRIPCIÓN FÍSICA
Extensión 109 p.áginas :
Otras características físicas ilustraciones ;
Dimensiones 22 cm.
336 ## - TIPO DE CONTENIDO
Fuente rdacontent
Término de tipo de contenido texto
Código de tipo de contenido txt
337 ## - TIPO DE MEDIO
Fuente rdamedia
Nombre/término del tipo de medio sin mediación
Código del tipo de medio nc
338 ## - TIPO DE SOPORTE
Fuente rdacarrier
Nombre/término del tipo de soporte volumen
Código del tipo de soporte nc
500 ## - NOTA GENERAL
Nota general Incluye referencias bibliográficas y notas al pie de las páginas
504 ## - NOTA DE BIBLIOGRAFÍA, ETC.
Nota de bibliografía, etc. Bibliografía : p. 115-117
505 ## - NOTA DE CONTENIDO CON FORMATO
Nota de contenido con formato Presentación --
Título Introducción -
-- Decreto número 783-21 --
-- Enriquillo, el héroe del Bahoruco /
Mención de responsabilidad Manuel García Arévalo --
Título Enriquillo y la memoria colectiva /
Mención de responsabilidad Juan Daniel Balcácer --
Título Enriquillo merece e elogio nacional /
Mención de responsabilidad Lidia Martínez de Macarrulla --
Título Enriquillo : ídolo de barro /
Mención de responsabilidad Juan Francisco Martínez Almánzar --
Título Enriquillo : historia, leyenda y arqueología /
Mención de responsabilidad José G. Guerrero.
590 ## - NOTA LOCAL (RLIN)
Nota local Inventariado 2023/MAA
650 #4 - PUNTO DE ACCESO ADICIONAL DE MATERIA--TÉRMINO DE MATERIA
Término de materia o nombre geográfico como elemento de entrada Indígenas de las Antillas
Subdivisión geográfica Hispaniola
9 (RLIN) 82062
651 #4 - PUNTO DE ACCESO ADICIONAL DE MATERIA--NOMBRE GEOGRÁFICO
Nombre geográfico República Dominicana --
Subdivisión general Historia --
Subdivisión cronológica Colonia, 1503-1844
9 (RLIN) 11397
651 #4 - PUNTO DE ACCESO ADICIONAL DE MATERIA--NOMBRE GEOGRÁFICO
Nombre geográfico República Dominicana --
Subdivisión general Historia --
Subdivisión cronológica Descubrimiento y conquista, 1492-1503
9 (RLIN) 255
700 1# - PUNTO DE ACCESO ADICIONAL--NOMBRE DE PERSONA
Nombre de persona García Arévalo, Manuel
9 (RLIN) 82908
700 1# - PUNTO DE ACCESO ADICIONAL--NOMBRE DE PERSONA
Nombre de persona Balcácer, Juan Daniel,
Fechas asociadas al nombre 1949-
9 (RLIN) 6566
700 1# - PUNTO DE ACCESO ADICIONAL--NOMBRE DE PERSONA
Nombre de persona Macarrulla, Lidia Martínez de
9 (RLIN) 84535
700 1# - PUNTO DE ACCESO ADICIONAL--NOMBRE DE PERSONA
Nombre de persona Martínez Almanzar, Juan Francisco
Fechas asociadas al nombre 1950 -
9 (RLIN) 10459
700 1# - PUNTO DE ACCESO ADICIONAL--NOMBRE DE PERSONA
Nombre de persona Guerrero, José G.
700 1# - PUNTO DE ACCESO ADICIONAL--NOMBRE DE PERSONA
Nombre de persona Peralta Romero, Rafael,
Fechas asociadas al nombre 1948-
Término indicativo de función/relación presentación
9 (RLIN) 79774
910 ## - DATOS DE OPCIÓN DEL USUARIO (OCLC)
Datos de opción del usuario Validad. Control de calidad. MAA
942 ## - ELEMENTOS DE PUNTO DE ACCESO ADICIONAL (KOHA)
Fuente del sistema de clasificación o colocación Dewey Decimal Classification
Tipo de ítem Koha Libro
Holdings
Estado de retiro Estado de pérdida Fuente del sistema de clasificación o colocación Restricciones de uso No para préstamo Código de colección Localización permanente Ubicación/localización actual Ubicación en estantería Fecha de adquisición Fuente de adquisición Signatura topográfica completa Código de barras Fecha visto por última vez Precio válido a partir de Tipo de ítem Koha Número de copia
    Dewey Decimal Classification Excluido de préstamo   Patrimonio Dominicano Biblioteca Nacional Pedro Henríquez Ureña Biblioteca Nacional Pedro Henríquez Ureña Depósito 29.03.2023 Deposito legal BNPHU PD 972.9302 E59s 2023-1296 29.03.2023 29.03.2023 Libro  
    Dewey Decimal Classification Excluido de préstamo   Patrimonio Dominicano Biblioteca Nacional Pedro Henríquez Ureña Biblioteca Nacional Pedro Henríquez Ureña Depósito 31.03.2023 Deposito legal BNPHU PD 972.9302 E59s 2023-1308 31.03.2023 31.03.2023 Libro e.2
    Dewey Decimal Classification Préstamo en sala   Dominicana de Servicio Biblioteca Nacional Pedro Henríquez Ureña Biblioteca Nacional Pedro Henríquez Ureña Depósito 31.03.2023 Deposito legal BNPHU DS 972.9302 E59s 2023-1309 31.03.2023 31.03.2023 Libro e.3
    Dewey Decimal Classification Préstamo en sala   Dominicana de Servicio Biblioteca Nacional Pedro Henríquez Ureña Biblioteca Nacional Pedro Henríquez Ureña Depósito 31.03.2023   BNPHU DS 972.9302 E59s 2023-1310 31.03.2023 31.03.2023 Libro e.4

Powered by Koha